| 000 | 00870nam a2200289 c 4500 | ||
|---|---|---|---|
| 003 | BLK | ||
| 005 | 20180420222012.0 | ||
| 008 | 180408b bul|||||r ||||||| ||bul|| | ||
| 010 | _aKNG00053461000 | ||
| 020 |
_a3-358-02139-4 _bиздат.: Kinderbuch-Verl. |
||
| 040 | _aBLK | ||
| 041 |
_aDEU _cDEU |
||
| 080 |
_aНемска литература _b821.112.2 _x-93-34 _z821.112.2-93-34 |
||
| 100 | 1 |
_aSpang, Gunter _eпърви автор _9282789 |
|
| 139 |
_aSpang, Gunter _bS 78 |
||
| 245 | 1 | 0 |
_aEin Teufel namens Fidibus _cGunter Spang. |
| 250 | _a5. Aufl. | ||
| 257 | _aDEU | ||
| 260 |
_аBerlin _bKinderbuch-Verl. _c1996 |
||
| 300 |
_a[31] c. _bс ил. _c28 cm |
||
| 380 | _aX | ||
| 852 | _aЦб ІІ 9361 | ||
| 856 | 4 |
_qpdf _u |
|
| 856 | 4 |
_qpdf _u |
|
| 942 |
_cKNG _n0 |
||
| 944 |
_aCR _c01.01.1999 _kТеодора_Стоянова |
||
| 944 |
_aED _c13.02.2017 _kЛили_Борисова |
||
| 999 |
_c49605 _d49605 |
||